10 Biggest Exporters of Soy Beans - Statistics

General Stats
  • This quiz has been taken 76 times
  • The average score is 5 of 10
Answer Stats
Sum of Exports (USD) Answer % Correct
$17,162,766,000 United States
93%
$33,190,826,000 Brazil
89%
$1,386,600,000 Argentina
78%
$2,205,536,000 Canada
74%
$292,698,000 Russia
70%
$534,670,000 Uruguay
41%
$2,205,039,000 Paraguay
40%
$831,484,000 Ukraine
40%
$426,264,000 Netherlands
12%
$126,632,000 Belgium
10%
No matching quizzes found
Score Distribution
Percent of People with Each Score
Percentile by Number Answered
Your Score History
You have not taken this quiz